[Event "Masgistral Bicentenario Villa Martelli"]
[Site "Villa Martelli ARG"]
[Date "2010.08.09"]
[Round "6.3"]
[White "Fier, Alexandr"]
[Black "Felgaer, Ruben"]
[Result "1/2-1/2"]
[WhiteElo "2570"]
[BlackElo "2584"]
[PlyCount "200"]
[EventDate "2010.08.04"]
[EventType "tourn"]
[EventRounds "9"]
[EventCountry "ARG"]
[EventCategory "13"]
[Source "lmi"]
[SourceDate "2010.08.04"]

1. e4 c5 2. Nf3 Nc6 3. Nc3 g6 4. d4 cxd4 5. Nxd4 Bg7 6. Be3 Nf6 7. Bc4 O-O 8.
Bb3 d6 9. f3 Bd7 10. h4 Rc8 11. Qd2 h5 12. O-O-O Ne5 13. Bg5 Rc5 14. Kb1 b5 15.
g4 hxg4 16. h5 Nxh5 17. Nd5 Re8 18. Rxh5 gxh5 19. Qh2 Rc4 20. Qxh5 f6 21. Bh6
e6 22. Bxc4 bxc4 23. Bxg7 Kxg7 24. Nf4 Qe7 25. Rh1 Rg8 26. fxg4 Kf8 27. g5 fxg5
28. Nfe2 Qf7 29. Qh3 Ke7 30. Qa3 g4 31. Rd1 Qf6 32. Ng3 Rc8 33. Qxa7 Qf4 34.
Nde2 Qg5 35. Rh1 Rf8 36. Qc7 Qe3 37. Rh7+ Rf7 38. Rxf7+ Nxf7 39. Qxc4 Ne5 40.
Qb4 Bc6 41. b3 Nf3 42. Kb2 Ng5 43. Qc3 Qxc3+ 44. Nxc3 Kf6 45. b4 Ke5 46. b5
Bxe4 47. Ncxe4 Nxe4 48. Nxe4 Kxe4 49. b6 g3 50. b7 g2 51. b8=Q g1=Q 52. Qxd6 e5
53. a4 Qa7 54. Qb4+ Kf3 55. Qc3+ Kf4 56. a5 e4 57. Qf6+ Kg4 58. a6 e3 59. Kc3
e2 60. Kd2 Qe3+ 61. Kxe3 e1=Q+ 62. Kd3 Qd1+ 63. Kc4 Qxc2+ 64. Kb5 Qd3+ 65. Kb6
Qe3+ 66. Kc6 Qe4+ 67. Kd7 Qd3+ 68. Ke7 Qa3+ 69. Qd6 Qa5 70. Qd4+ Kh3 71. a7
Qg5+ 72. Kd7 Qb5+ 73. Kd8 Qa5+ 74. Kd7 Qb5+ 75. Kd6 Qa6+ 76. Ke7 Qa3+ 77. Ke8
Qf3 78. Qd7+ Kh2 79. Qc7+ Kh1 80. Qc5 Qe4+ 81. Kd8 Qh4+ 82. Kc7 Qh7+ 83. Kb8
Qh8+ 84. Kb7 Qb2+ 85. Qb6 Qg7+ 86. Ka8 Qf8+ 87. Qb8 Qc5 88. Qb7+ Kg1 89. Kb8
Qf8+ 90. Qc8 Qb4+ 91. Kc7 Qc5+ 92. Kb7 Qb5+ 93. Ka8 Qd5+ 94. Kb8 Qb5+ 95. Qb7
Qe8+ 96. Kc7 Qe7+ 97. Kc6 Qe4+ 98. Kb6 Qb4+ 99. Kc7 Qe7+ 100. Kb8 Qe8+ 1/2-1/2

[Event "Masgistral Bicentenario Villa Martelli"]
[Site "Villa Martelli ARG"]
[Date "2010.08.09"]
[Round "6.4"]
[White "Valerga, Diego"]
[Black "Milos, Gilberto"]
[Result "1/2-1/2"]
[WhiteElo "2506"]
[BlackElo "2606"]
[PlyCount "28"]
[EventDate "2010.08.04"]
[EventType "tourn"]
[EventRounds "9"]
[EventCountry "ARG"]
[EventCategory "13"]
[Source "lmi"]
[SourceDate "2010.08.04"]

1. d4 Nf6 2. c4 c5 3. d5 e6 4. Nc3 exd5 5. cxd5 d6 6. e4 g6 7. h3 Bg7 8. Nf3
O-O 9. Bd3 Nh5 10. O-O Nd7 11. Bg5 Bf6 12. Be3 Ne5 13. Nxe5 Bxe5 14. f4 Bg7
1/2-1/2

[Event "Masgistral Bicentenario Villa Martelli"]
[Site "Villa Martelli ARG"]
[Date "2010.08.09"]
[Round "6.5"]
[White "Rodriguez Vila, Andres"]
[Black "Leitao, Rafael"]
[Result "1/2-1/2"]
[WhiteElo "2508"]
[BlackElo "2629"]
[PlyCount "43"]
[EventDate "2010.08.04"]
[EventType "tourn"]
[EventRounds "9"]
[EventCountry "ARG"]
[EventCategory "13"]
[Source "lmi"]
[SourceDate "2010.08.04"]

1. d4 Nf6 2. Nf3 e6 3. Bg5 h6 4. Bh4 c5 5. e3 b6 6. Nbd2 Bb7 7. Bd3 Be7 8. O-O
O-O 9. c3 Nc6 10. a3 cxd4 11. cxd4 d5 12. Qb1 Rc8 13. b4 Ne8 14. Bg3 Nd6 15.
Rc1 f5 16. Ne5 Nxe5 17. Bxe5 Rxc1+ 18. Qxc1 Qd7 19. Ra2 Rc8 20. Rc2 Rxc2 21.
Qxc2 Bc6 22. f4 1/2-1/2

[Event "Masgistral Bicentenario Villa Martelli"]
[Site "Villa Martelli ARG"]
[Date "2010.08.10"]
[Round "7.2"]
[White "Milos, Gilberto"]
[Black "Rodriguez Vila, Andres"]
[Result "1-0"]
[WhiteElo "2606"]
[BlackElo "2508"]
[PlyCount "95"]
[EventDate "2010.08.04"]
[EventType "tourn"]
[EventRounds "9"]
[EventCountry "ARG"]
[EventCategory "13"]
[Source "lmi"]
[SourceDate "2010.08.04"]

1. e4 e6 2. d4 d5 3. Nd2 Nf6 4. e5 Nfd7 5. Bd3 b6 6. Nh3 Ba6 7. Bxa6 Nxa6 8.
O-O Be7 9. Qg4 g6 10. Qe2 Qc8 11. Nf3 h6 12. Nf4 c6 13. c4 Nc7 14. Be3 Qa6 15.
Rfc1 O-O-O 16. b3 Kb8 17. a4 g5 18. Nd3 g4 19. Nd2 h5 20. a5 b5 21. cxb5 Qxb5
22. Nb1 Ka8 23. Qc2 Rb8 24. b4 Rhc8 25. Nc3 Qc4 26. Qd1 Na6 27. b5 cxb5 28. Ne2
b4 29. Rxc4 dxc4 30. Nb2 Rb7 31. Rc1 c3 32. Na4 Rb5 33. Naxc3 bxc3 34. Rxc3
Rcb8 35. h3 gxh3 36. Nf4 Bb4 37. Rc6 R8b7 38. Rxa6 Nb8 39. Rd6 Bxd6 40. exd6
Rb1 41. Bc1 Ra1 42. Kh2 hxg2 43. Kxg2 Rxa5 44. Qf3 Rf5 45. Qc3 a6 46. Nd3 Rb6
47. Qc7 Rd5 48. Qxb6 1-0

[Event "Masgistral Bicentenario Villa Martelli"]
[Site "Villa Martelli ARG"]
[Date "2010.08.10"]
[Round "7.3"]
[White "Felgaer, Ruben"]
[Black "Valerga, Diego"]
[Result "1-0"]
[WhiteElo "2584"]
[BlackElo "2506"]
[PlyCount "77"]
[EventDate "2010.08.04"]
[EventType "tourn"]
[EventRounds "9"]
[EventCountry "ARG"]
[EventCategory "13"]
[Source "lmi"]
[SourceDate "2010.08.04"]

1. e4 e6 2. d4 d5 3. Nd2 c5 4. Ngf3 a6 5. dxc5 Bxc5 6. Bd3 Nc6 7. O-O Nge7 8.
a3 O-O 9. b4 Bd6 10. Bb2 Ng6 11. Re1 d4 12. Nc4 e5 13. c3 Bc7 14. cxd4 exd4 15.
e5 Be6 16. Rc1 Nf4 17. Bf1 Bd5 18. Nxd4 Qg5 19. g3 Rad8 20. Nxc6 Bxc6 21. Nd6
Qg6 22. Qd2 Ne6 23. h4 Bxd6 24. exd6 Rd7 25. Be5 Qf5 26. Qd3 Qxd3 27. Bxd3 Rfd8
28. Bxa6 h5 29. Bc4 Kf8 30. Re3 Ba4 31. Bd5 Re8 32. Rce1 Rdd8 33. Bxb7 f6 34.
Bxf6 Rxd6 35. Bc3 Nd4 36. Rxe8+ Bxe8 37. Bxd4 Rxd4 38. Rb1 Bb5 39. Bg2 1-0

[Event "Masgistral Bicentenario Villa Martelli"]
[Site "Villa Martelli ARG"]
[Date "2010.08.10"]
[Round "7.4"]
[White "Bachmann, Axel"]
[Black "Fier, Alexandr"]
[Result "0-1"]
[WhiteElo "2552"]
[BlackElo "2570"]
[PlyCount "116"]
[EventDate "2010.08.04"]
[EventType "tourn"]
[EventRounds "9"]
[EventCountry "ARG"]
[EventCategory "13"]
[Source "lmi"]
[SourceDate "2010.08.04"]

1. e4 c5 2. Nc3 e6 3. Nf3 d6 4. d4 cxd4 5. Qxd4 Nc6 6. Bb5 Bd7 7. Bxc6 Bxc6 8.
Bg5 Nf6 9. O-O-O Be7 10. Rhe1 O-O 11. Qd2 Qc7 12. Nd4 Rfd8 13. Kb1 Rab8 14. f3
b5 15. g4 b4 16. Nce2 a5 17. Ng3 Ba8 18. Nh5 Nxh5 19. gxh5 Bxg5 20. Qxg5 h6 21.
Qg3 Kh8 22. f4 Rbc8 23. Rd2 Qe7 24. b3 Rc5 25. Rg1 Rg8 26. e5 Rd5 27. Qe3 dxe5
28. fxe5 Qh4 29. Nf3 Qxh5 30. Rf2 Rgd8 31. Kb2 Rd1 32. Rxd1 Rxd1 33. Nd2 Rh1
34. Qd4 Bd5 35. Nf1 Qh3 36. Qe3 Qxe3 37. Nxe3 Be4 38. Nc4 g5 39. Nxa5 g4 40.
Nc4 h5 41. Nd6 Bd5 42. Ne8 Bf3 43. Nf6 h4 44. a3 bxa3+ 45. Kxa3 Re1 46. h3 gxh3
47. Rxf3 h2 48. Rd3 Kg7 49. Rd4 Kg6 50. Rxh4 h1=Q 51. Rxh1 Rxh1 52. Ne8 Re1 53.
c4 Kf5 54. c5 Kxe5 55. b4 Rd1 56. Nc7 f5 57. b5 f4 58. c6 f3 0-1

[Event "Masgistral Bicentenario Villa Martelli"]
[Site "Villa Martelli ARG"]
[Date "2010.08.10"]
[Round "7.5"]
[White "Morovic Fernandez, Ivan"]
[Black "Diaz Hollemaert, Nahuel"]
[Result "1-0"]
[WhiteElo "2566"]
[BlackElo "2474"]
[PlyCount "105"]
[EventDate "2010.08.04"]
[EventType "tourn"]
[EventRounds "9"]
[EventCountry "ARG"]
[EventCategory "13"]
[Source "lmi"]
[SourceDate "2010.08.04"]

1. Nf3 c5 2. c4 Nf6 3. Nc3 e6 4. g3 b6 5. Bg2 Bb7 6. O-O Be7 7. b3 O-O 8. Bb2
d5 9. cxd5 Nxd5 10. Nxd5 Bxd5 11. Rc1 Nd7 12. d4 Rc8 13. Qd3 cxd4 14. Bxd4 Nf6
15. Rfd1 Rxc1 16. Rxc1 Qa8 17. Nh4 g6 18. Bxf6 Bxf6 19. Bxd5 exd5 20. Nf3 Qb7
21. Qc2 Qe7 22. e3 h5 23. h4 Kg7 24. Kg2 Rd8 25. Qc7 Rd7 26. Qb8 Rd8 27. Qf4
Rd6 28. Rc8 a5 29. a4 Rd8 30. Rc6 Bb2 31. Rxb6 Qe4 32. Qxe4 dxe4 33. Ng5 Rd7
34. Nxe4 Ba3 35. Rb8 Bb4 36. Kf3 Rd3 37. Rb7 Rxb3 38. Ng5 Ra3 39. Nxf7 Kf6 40.
Ng5 Rxa4 41. Ra7 Ra2 42. Ke4 Be7 43. Ra6+ Kg7 44. Ra7 Kf8 45. Ne6+ Ke8 46. Nf4
a4 47. Nxg6 Bc5 48. Ra8+ Kd7 49. Kd5 Bb6 50. Ne5+ Kc7 51. Nc4 Rxf2 52. Rxa4 Rf3
53. Ra6 1-0

[Event "Masgistral Bicentenario Villa Martelli"]
[Site "Villa Martelli ARG"]
[Date "2010.08.11"]
[Round "8.2"]
[White "Fier, Alexandr"]
[Black "Morovic Fernandez, Ivan"]
[Result "0-1"]
[WhiteElo "2570"]
[BlackElo "2566"]
[PlyCount "174"]
[EventDate "2010.08.04"]
[EventType "tourn"]
[EventRounds "9"]
[EventCountry "ARG"]
[EventCategory "13"]
[Source "lmi"]
[SourceDate "2010.08.04"]

1. d4 Nf6 2. c4 e6 3. Nf3 d5 4. Nc3 Nbd7 5. cxd5 exd5 6. Bg5 Be7 7. e3 O-O 8.
Bd3 c6 9. Qc2 Re8 10. h3 Nf8 11. Bf4 Bd6 12. Bxd6 Qxd6 13. g4 Be6 14. Ne5 N6d7
15. Nxd7 Bxd7 16. O-O-O Qf6 17. Rhg1 Qh4 18. Kb1 Rad8 19. Ne2 Qxf2 20. e4 dxe4
21. Bxe4 Be6 22. Rdf1 Qe3 23. Bd3 Bd5 24. Nc3 Qxd4 25. Nxd5 cxd5 26. Rd1 Qe5
27. Rgf1 Re7 28. Rf5 Qg3 29. Rff1 a6 30. Qc3 Qe5 31. Qb4 Qd6 32. Qd2 Qc5 33. h4
Rd6 34. g5 Qe3 35. Qc3 Rc6 36. Qa5 Qc5 37. Qd2 Qe3 38. Qa5 Qc5 39. Qd2 g6 40.
h5 Qe3 41. Qg2 Re5 42. hxg6 hxg6 43. Qh2 Rxg5 44. Qb8 Rg2 45. Qxb7 Rxb2+ 46.
Qxb2 Rb6 47. Bc2 Rxb2+ 48. Kxb2 Qe5+ 49. Kb1 Ne6 50. Rfe1 Qb8+ 51. Ka1 Qb4 52.
Bxg6 d4 53. Bc2 Kf8 54. Re4 a5 55. Bb3 a4 56. Bxe6 Qc3+ 57. Kb1 a3 58. Re2 fxe6
59. Rc2 Qb4+ 60. Ka1 d3 61. Rh2 Qc3+ 62. Kb1 Qb4+ 63. Ka1 e5 64. Rh8+ Kg7 65.
Rh2 Kf6 66. Rh6+ Kg5 67. Rh2 Kf5 68. Rh5+ Kg4 69. Rh2 Kg3 70. Rdh1 e4 71. Rh3+
Kf4 72. R3h2 Qc3+ 73. Kb1 Qb4+ 74. Ka1 Qd4+ 75. Kb1 Qb6+ 76. Ka1 Qf6+ 77. Kb1
Ke3 78. Rh3+ Kd4 79. Rh6 Qf2 80. Rb6 Qc2+ 81. Ka1 Qc3+ 82. Kb1 d2 83. Rb3 Qxb3+
84. axb3 Kd3 85. b4 e3 86. b5 e2 87. Ka2 e1=Q 0-1

[Event "Masgistral Bicentenario Villa Martelli"]
[Site "Villa Martelli ARG"]
[Date "2010.08.11"]
[Round "8.3"]
[White "Valerga, Diego"]
[Black "Bachmann, Axel"]
[Result "1/2-1/2"]
[WhiteElo "2506"]
[BlackElo "2552"]
[PlyCount "162"]
[EventDate "2010.08.04"]
[EventType "tourn"]
[EventRounds "9"]
[EventCountry "ARG"]
[EventCategory "13"]
[Source "lmi"]
[SourceDate "2010.08.04"]

1. d4 Nf6 2. c4 g6 3. Nc3 Bg7 4. e4 d6 5. Nf3 O-O 6. Be2 Bg4 7. Be3 Nfd7 8. d5
c5 9. O-O Na6 10. Ng5 Bxe2 11. Qxe2 Nc7 12. f4 a6 13. e5 b5 14. Qg4 f5 15. exf6
exf6 16. Ne6 f5 17. Qf3 Nxe6 18. dxe6 Nb6 19. Nd5 Nxd5 20. Qxd5 Qe7 21. Rad1
Rfe8 22. Bf2 Qxe6 23. Qxd6 Qxd6 24. Rxd6 bxc4 25. Rc1 Rab8 26. Bxc5 Rxb2 27.
Rxa6 c3 28. Ra7 Bf6 29. Ra6 Kg7 30. Kf1 Rc8 31. Ba3 Rb7 32. Rc2 Re8 33. Rd6 h5
34. Rd1 h4 35. Bc5 Re4 36. Bd6 Rb2 37. Rdc1 Kh6 38. Be5 Bxe5 39. fxe5 Rf4+ 40.
Kg1 Re4 41. Kf1 Rxe5 42. Rxb2 cxb2 43. Rb1 Rb5 44. a4 Rb4 45. a5 Kg5 46. a6
Rf4+ 47. Ke2 Ra4 48. Rxb2 Rxa6 49. h3 Kf4 50. Kf2 Ra4 51. Rc2 Rd4 52. Ra2 g5
53. Rb2 Ke4 54. Re2+ Kd3 55. Re3+ Kc4 56. Re8 Rd2+ 57. Kf3 Rd3+ 58. Kf2 Kd4 59.
Rd8+ Ke4 60. Re8+ Kf4 61. Re2 g4 62. hxg4 fxg4 63. Re1 Ra3 64. Rb1 Ra2+ 65. Kg1
Ke3 66. Kf1 Rf2+ 67. Kg1 Rc2 68. Kf1 Kd2 69. Rb4 g3 70. Rb1 Rc3 71. Kg1 Kc2 72.
Ra1 Rd3 73. Re1 Rd1 74. Rxd1 Kxd1 75. Kh1 Ke2 76. Kg1 Ke3 77. Kh1 Ke2 78. Kg1
Ke1 79. Kh1 h3 80. Kg1 h2+ 81. Kh1 Kf2 1/2-1/2

[Event "Masgistral Bicentenario Villa Martelli"]
[Site "Villa Martelli ARG"]
[Date "2010.08.11"]
[Round "8.4"]
[White "Rodriguez Vila, Andres"]
[Black "Felgaer, Ruben"]
[Result "0-1"]
[WhiteElo "2508"]
[BlackElo "2584"]
[PlyCount "94"]
[EventDate "2010.08.04"]
[EventType "tourn"]
[EventRounds "9"]
[EventCountry "ARG"]
[EventCategory "13"]
[Source "lmi"]
[SourceDate "2010.08.04"]

1. Nf3 c5 2. b3 d6 3. e3 e5 4. d4 cxd4 5. exd4 e4 6. Qe2 Nf6 7. Nbd2 d5 8. Ne5
Nc6 9. Bb2 Bd6 10. O-O-O O-O 11. h3 Qe7 12. Ng4 Nxg4 13. hxg4 f5 14. Qb5 Be6
15. gxf5 Rxf5 16. f3 e3 17. Nb1 Bf4 18. Qe2 Rc8 19. Nc3 Rf7 20. Kb1 Qg5 21. g4
g6 22. a3 Qf6 23. Qd3 Re7 24. Ne2 Bf7 25. Bg2 Nd8 26. Nxf4 Qxf4 27. Rde1 Nc6
28. Re2 Rce8 29. c3 Kg7 30. Ka2 h6 31. Bc1 g5 32. Rh3 a6 33. Bf1 Bg6 34. Qd1
Nd8 35. c4 Nf7 36. Bb2 b5 37. cxd5 Qd6 38. Bg2 Kh7 39. Qh1 Rc8 40. f4 gxf4 41.
g5 Bd3 42. Bf3 Rg8 43. gxh6 Ng5 44. Rh4 Nxf3 45. Qxf3 Rg1 46. Bc3 Bxe2 47. Qxe2
Qg6 0-1

[Event "Masgistral Bicentenario Villa Martelli"]
[Site "Villa Martelli ARG"]
[Date "2010.08.12"]
[Round "9.1"]
[White "Milos, Gilberto"]
[Black "Flores, Diego"]
[Result "0-1"]
[WhiteElo "2606"]
[BlackElo "2584"]
[PlyCount "118"]
[EventDate "2010.08.04"]
[EventType "tourn"]
[EventRounds "9"]
[EventCountry "ARG"]
[EventCategory "13"]
[Source "lmi"]
[SourceDate "2010.08.04"]

1. e4 e5 2. Nf3 Nc6 3. Nc3 Nf6 4. Bb5 Bb4 5. O-O O-O 6. Bxc6 dxc6 7. d3 Bxc3 8.
bxc3 Nd7 9. Ng5 Qe7 10. f4 f6 11. Nf3 exf4 12. Bxf4 Nc5 13. Nd4 Ne6 14. Nf5
Qc5+ 15. Be3 Qxc3 16. Rb1 Rf7 17. Rb3 Qe5 18. Qh5 c5 19. Rf3 Nf8 20. Rb1 b6 21.
Bf4 Qc3 22. Ne7+ Rxe7 23. Qd5+ Be6 24. Qxa8 Qxc2 25. Rbf1 Qxa2 26. Qb8 Qa4 27.
Bxc7 Re8 28. Qb7 Qd7 29. Qxa7 Re7 30. Qxb6 Qxc7 31. Qxc7 Rxc7 32. Rc1 Rc8 33.
Rf2 Ng6 34. Rb2 Ne5 35. Rc3 Kf7 36. Rb7+ Kg6 37. h3 Rd8 38. Rxc5 Rxd3 39. Rcc7
Bd7 40. Kf2 Rd2+ 41. Kg3 h5 42. Rc5 Be6 43. Rc3 Re2 44. Rb4 Kh6 45. Kh2 h4 46.
Kg1 Kg5 47. Kf1 Rd2 48. Rb7 Bd7 49. Rc5 g6 50. Rd5 Bc6 51. Rxd2 Bxb7 52. Rd4
Kf4 53. Rd6 Bxe4 54. Rxf6+ Kg3 55. Kg1 Nd3 56. Re6 Kf4 57. Rf6+ Ke5 58. Rf8 Nf4
59. Rh8 g5 0-1

[Event "Masgistral Bicentenario Villa Martelli"]
[Site "Villa Martelli ARG"]
[Date "2010.08.12"]
[Round "9.2"]
[White "Felgaer, Ruben"]
[Black "Leitao, Rafael"]
[Result "1/2-1/2"]
[WhiteElo "2584"]
[BlackElo "2629"]
[PlyCount "39"]
[EventDate "2010.08.04"]
[EventType "tourn"]
[EventRounds "9"]
[EventCountry "ARG"]
[EventCategory "13"]
[Source "lmi"]
[SourceDate "2010.08.04"]

1. e4 e5 2. Nf3 Nc6 3. Bc4 Bc5 4. c3 Nf6 5. d3 d6 6. O-O O-O 7. h3 a6 8. Bb3
Ba7 9. Be3 Bxe3 10. fxe3 Ne7 11. Nh4 d5 12. Nd2 Ng6 13. Nxg6 hxg6 14. Qf3 c6
15. d4 Be6 16. dxe5 Nxe4 17. Nxe4 dxe4 18. Qxe4 Qe7 19. Rad1 Rae8 20. Bxe6
1/2-1/2

[Event "Masgistral Bicentenario Villa Martelli"]
[Site "Villa Martelli ARG"]
[Date "2010.08.12"]
[Round "9.3"]
[White "Bachmann, Axel"]
[Black "Rodriguez Vila, Andres"]
[Result "1/2-1/2"]
[WhiteElo "2552"]
[BlackElo "2508"]
[PlyCount "134"]
[EventDate "2010.08.04"]
[EventType "tourn"]
[EventRounds "9"]
[EventCountry "ARG"]
[EventCategory "13"]
[Source "lmi"]
[SourceDate "2010.08.04"]

1. Nf3 f5 2. b3 d6 3. d4 g6 4. Bb2 Bg7 5. g3 Nc6 6. Bg2 Nh6 7. Nbd2 e5 8. d5
Ne7 9. c4 O-O 10. Qc2 c6 11. dxc6 Nxc6 12. e4 f4 13. a3 g5 14. h3 fxg3 15. fxg3
g4 16. hxg4 Nxg4 17. Qd3 Be6 18. Bh3 Qf6 19. Rf1 Qh6 20. Bxg4 Bxg4 21. O-O-O
Nd4 22. Kb1 Nxf3 23. Nxf3 Qh5 24. Qd5+ Qf7 25. Nh4 Qxd5 26. Rxf8+ Bxf8 27. Rxd5
Bd7 28. Rd1 Bc6 29. Re1 b5 30. cxb5 Bxb5 31. Kc2 Rc8+ 32. Bc3 Kf7 33. a4 Bc6
34. Nf5 Ke6 35. g4 h5 36. gxh5 Bxe4+ 37. Rxe4 Kxf5 38. Rc4 Ra8 39. Bd2 d5 40.
Rc7 Bd6 41. Rd7 Ke6 42. Rb7 e4 43. h6 d4 44. h7 Be5 45. Bh6 Rc8+ 46. Kd1 d3 47.
Rxa7 Bd4 48. Ra6+ Kd5 49. Ra5+ Ke6 50. Ra6+ Kd5 51. Ra5+ Kc6 52. Rh5 Rh8 53.
Bf4 e3 54. Rh3 e2+ 55. Ke1 Bc3+ 56. Bd2 Bxd2+ 57. Kxd2 Re8 58. Rh1 Rh8 59. b4
Kd5 60. Rh5+ Kc4 61. Rh4+ Kb3 62. b5 Re8 63. Rh1 Kxa4 64. b6 Kb5 65. b7 Kc6 66.
b8=Q e1=Q+ 67. Rxe1 Rxb8 1/2-1/2

[Event "Masgistral Bicentenario Villa Martelli"]
[Site "Villa Martelli ARG"]
[Date "2010.08.12"]
[Round "9.4"]
[White "Morovic Fernandez, Ivan"]
[Black "Valerga, Diego"]
[Result "1/2-1/2"]
[WhiteElo "2566"]
[BlackElo "2506"]
[PlyCount "199"]
[EventDate "2010.08.04"]
[EventType "tourn"]
[EventRounds "9"]
[EventCountry "ARG"]
[EventCategory "13"]
[Source "lmi"]
[SourceDate "2010.08.04"]

1. c4 Nf6 2. Nf3 g6 3. g3 Bg7 4. Bg2 O-O 5. O-O d6 6. d4 Nc6 7. Nc3 Bf5 8. d5
Na5 9. Nh4 Bd7 10. Qd3 c5 11. b3 a6 12. Bb2 Rb8 13. Ne4 b5 14. Nxf6+ exf6 15.
Bc3 Re8 16. Rfe1 b4 17. Bb2 f5 18. Bxg7 Kxg7 19. Nf3 Qf6 20. Nd2 Re7 21. Rac1
Rbe8 22. e3 Nb7 23. Rc2 a5 24. f4 a4 25. Kf2 Kg8 26. Re2 axb3 27. axb3 Ra8 28.
Nf3 Ra1 29. Ra2 Re8 30. Reb2 Ra8 31. Rxa8+ Rxa8 32. Qc2 Ra3 33. Ra2 Qc3 34.
Qxc3 Rxa2+ 35. Qd2 Rxd2+ 36. Nxd2 Kf8 37. Ke2 Ke7 38. Kd3 h5 39. Bf3 Na5 40.
Bd1 Nb7 41. Ke2 Nd8 42. Nf3 Be8 43. Ne1 Bd7 44. Nd3 Nb7 45. Bc2 Nd8 46. Nf2 Nb7
47. h3 Nd8 48. Kf3 f6 49. g4 hxg4+ 50. hxg4 fxg4+ 51. Nxg4 f5 52. Nf2 Nf7 53.
Nh3 Kf6 54. Kg3 g5 55. Bd1 Kg6 56. Be2 Kh6 57. Bd3 Kg6 58. Ng1 Kf6 59. Nf3 Bc8
60. Nd2 Bd7 61. Be2 Kg6 62. Bf1 Nh6 63. Be2 Bc8 64. Nf3 Nf7 65. Bd3 Kf6 66. Nd2
Nh6 67. Nf1 Bd7 68. Kf3 Nf7 69. Ng3 Nh6 70. Bc2 Nf7 71. Bd3 Nh6 72. Be2 Nf7 73.
Kf2 Nh6 74. Bd1 Be8 75. Be2 Bg6 76. Bd3 Nf7 77. Kf3 Nh6 78. Bc2 Nf7 79. Kg2 Nh6
80. Bd1 Nf7 81. Nh1 Nh6 82. Nf2 Nf7 83. Nh3 Bh7 84. Bh5 Bg6 85. Bd1 Bh7 86. Kg3
Bg6 87. Be2 Bh7 88. Bd3 Bg6 89. Be2 Bh7 90. Nf2 Bg6 91. Bd3 Nh6 92. Bc2 Nf7 93.
Bd3 Nh6 94. Be2 Nf7 95. Kg2 Nh6 96. Kg3 Nf7 97. Bf3 Nh6 98. Bd1 Nf7 99. Nh3 Bh7
100. Bh5 1/2-1/2

[Event "Masgistral Bicentenario Villa Martelli"]
[Site "Villa Martelli ARG"]
[Date "2010.08.12"]
[Round "9.5"]
[White "Diaz Hollemaert, Nahuel"]
[Black "Fier, Alexandr"]
[Result "0-1"]
[WhiteElo "2474"]
[BlackElo "2570"]
[PlyCount "66"]
[EventDate "2010.08.04"]
[EventType "tourn"]
[EventRounds "9"]
[EventCountry "ARG"]
[EventCategory "13"]
[Source "lmi"]
[SourceDate "2010.08.04"]

1. Nf3 g6 2. g3 Bg7 3. Bg2 c5 4. c4 Nc6 5. Nc3 e5 6. O-O Nge7 7. d3 O-O 8. Ne1
a6 9. Nc2 Rb8 10. a4 d6 11. Ne3 Bd7 12. Bd2 h5 13. Ned5 Nxd5 14. Nxd5 b5 15.
axb5 axb5 16. b3 h4 17. Ra6 h3 18. Bh1 bxc4 19. bxc4 Nd4 20. Ba5 Qg5 21. e3 Bg4
22. f3 Bc8 23. Rxd6 Nf5 24. f4 exf4 25. exf4 Bd4+ 26. Rf2 Qg4 27. Nf6+ Bxf6 28.
Bf3 Nxd6 29. Bxg4 Bxg4 30. Qc1 Rb3 31. Bc7 Rxd3 32. Rd2 Bd4+ 33. Kf1 Rf3+ 0-1